Normal view MARC view
  • International police

Entry Topical Term

Number of records used in: 1

001 - CONTROL NUMBER

  • control field: 37339

003 - CONTROL NUMBER IDENTIFIER

  • control field: OSt

005 - DATE AND TIME OF LATEST TRANSACTION

  • control field: 20150126111045.0

008 - FIXED-LENGTH DATA ELEMENTS

  • fixed length control field: 150126|| aca||babn | a|a d

040 ## - CATALOGING SOURCE

  • Original cataloging agency: OSt

150 ## - HEADING--TOPICAL TERM

  • Topical term or geographic name as entry element: International police

450 ## - SEE FROM TRACING--TOPICAL TERM

  • Topical term or geographic name entry element: Police, International

550 ## - SEE ALSO FROM TRACING--TOPICAL TERM

  • Topical term or geographic name entry element: Armed Forces

550 ## - SEE ALSO FROM TRACING--TOPICAL TERM

  • Topical term or geographic name entry element: Security, International

550 ## - SEE ALSO FROM TRACING--TOPICAL TERM

  • Topical term or geographic name entry element: Peacekeeping forces